000 00535nam a2200169 i 4500
001 92898
003 ES-MaACL
007 t|
008 050330s1975 ag ||||1| spa d
100 1 _aLitter, Manuel.
_972574
245 1 0 _aCompendio de farmacología /
_cManuel Litter; adaptación y coordinación Cristino Anguiano Rueda.
250 _a5ª reimp.
260 _aBuenos Aires :
_bEl Ateneo,
_c1975.
300 _aVIII, 734 p. :
_bil. ;
_c26 cm.
700 1 _aAnguiano Rueda, Cristino.
_921768
852 _aES-MaACL
_jE-7680
_bR.92100
999 _c92898
_d92898